अयोध्या की ओर... (Record no. 1266)

MARC details
000 -LEADER
fixed length control field 01069 a2200217 4500
005 - DATE AND TIME OF LATEST TRANSACTION
control field 20080908113546.0
008 - FIXED-LENGTH DATA ELEMENTS--GENERAL INFORMATION
fixed length control field 080908t xxu||||| |||| 00| 0 hin d
010 ## - LIBRARY OF CONGRESS CONTROL NUMBER
LC control number HIN-79129
020 ## - INTERNATIONAL STANDARD BOOK NUMBER
Terms of availability 80.00
International Standard Book Number 818578194x
035 ## - SYSTEM CONTROL NUMBER
System control number HN-51476
037 ## - SOURCE OF ACQUISITION
Source of stock number/acquisition D.B.Act / pub
082 ## - DEWEY DECIMAL CLASSIFICATION NUMBER
Classification number 291.7
100 ## - MAIN ENTRY--PERSONAL NAME
Personal name द्वारका लाल "गुप्त"
245 ## - TITLE STATEMENT
Title अयोध्या की ओर...
Statement of responsibility, etc द्वारका लाल "गुप्त"
246 ## - VARYING FORM OF TITLE
Title proper/short title Ayodhya ki aur
Remainder of title by Dwarka Lal 'Gupat "
260 ## - PUBLICATION, DISTRIBUTION, ETC. (IMPRINT)
Place of publication, distribution, etc दिल्ली
Name of publisher, distributor, etc मेघ प्रकाशन
Date of publication, distribution, etc 2004
270 ## - ADDRESS
Address 239 दरीबाकलां
City दिल्ली
Postal code 110006
Telephone number (011) 23278761
Electronic mail address megh_prakashan@rediffmail.com
300 ## - PHYSICAL DESCRIPTION
Extent 80पृ
Dimensions 22 सेमी (सजिल्द)
942 ## - ADDED ENTRY ELEMENTS (KOHA)
Institution code [OBSOLETE] dpl
Koha item type Hindi Books
Call number prefix 291.7 / द्वारका
Source of classification or shelving scheme Dewey Decimal Classification
Classification part 291.7
Call number suffix द्वारका
Holdings
Withdrawn status Lost status Damaged status Not for loan Collection code Home library Current library Date acquired Cost, normal purchase price Total Checkouts Full call number Barcode Date last seen Copy number Uniform Resource Identifier Cost, replacement price Price effective from Koha item type
      Not For Loan Non-fiction D.B.Act.Division D.B.Act.Division 08/09/2008 80.00   291.7 द्वारका HN-51476 15/09/2008 1 1331 80.00 15/09/2008 Hindi Books

© Delhi Public Library
Hit Counter
free hit counter